000 00656cam a22002413a 4500
001 19169
003 PGUSA
005 20140828083415.0
008 060903s2006||||xxu|||||s|||||000 | eng d
040 _aPGUSA
_beng
042 _adc
050 4 _aGV
050 4 _aPZ
245 1 0 _aBaseball ABC
_h[electronic resource]
260 _bProject Gutenberg,
_c2006
506 _aPublic domain in the USA.
516 _aElectronic text
653 _aEnglish language -- Alphabet -- Juvenile literature
653 _aBaseball -- Juvenile literature
830 0 _aProject Gutenberg
_v19169
856 4 0 _uhttp://www.gutenberg.org/ebooks/19169
942 _cEB
999 _c248424
_d248424